000 00316nam a22001457a 4500
008 230719b ||||| |||| 00| 0 eng d
020 _a9780470786507
041 _aeng
080 _2VOLUME XXI
_a53
082 _a53
100 _a20
101 _aFIZIK
245 _aSUPERNOVAE
_cSHKLOVSKY.S .I
942 _2udc
_cBK
999 _c60171
_d60171